[Event "Verbandsliga Suedbaden 2324"]
[Site "Baden"]
[Date "2024.03.03"]
[Round "7.8"]
[White "Ammann, Philipp"]
[Black "Dittmar, Hans Joachim"]
[Result "1-0"]
[WhiteElo "2126"]
[BlackElo "2095"]
[PlyCount "69"]
[EventDate "2023.09.24"]
[EventType "team-tourn"]
[EventRounds "9"]
[EventCountry "GER"]
[SourceTitle "EXT 2025"]
[Source "ChessBase"]
[SourceDate "2024.10.14"]
[SourceVersion "1"]
[SourceVersionDate "2024.10.14"]
[SourceQuality "1"]
[WhiteTeam "Dreilaendereck"]
[BlackTeam "Villingen/Schwenningen"]
[WhiteTeamCountry "GER"]
[BlackTeamCountry "GER"]

1. d4 Nf6 2. c4 e6 3. Nf3 d5 4. Bg5 Be7 5. e3 0-0 6. Nc3 b6 7. Qc2 Bb7 8. Bxf6 Bxf6 9. cxd5 exd5 10. 0-0-0 Nd7 11. h4 c5 12. Bd3 g6 13. h5 cxd4 14. exd4 Bg5+ 15. Kb1 Qf6 16. Rh3 Rfd8 17. hxg6 fxg6 18. Bxg6 Qxg6 19. Qxg6+ hxg6 20. Nxg5 Nf8 21. Re3 Re8 22. Rde1 Rxe3 23. Rxe3 Rd8 24. Re5 Kg7 25. Re7+ Kf6 26. Rxb7 Kxg5 27. Rxa7 Ne6 28. Re7 Kf6 29. Rb7 Nxd4 30. Rxb6+ Kf5 31. a4 g5 32. a5 Ne6 33. Rb5 Ke5 34. a6 Ra8 35. Rxd5+ 1-0

[Event "Verbandsliga Suedbaden 2324"]
[Site "Baden"]
[Date "2024.01.21"]
[Round "5.6"]
[White "Ammann, Philipp"]
[Black "Jaehn, Michael"]
[Result "1-0"]
[WhiteElo "2126"]
[BlackElo "2052"]
[PlyCount "89"]
[EventDate "2023.09.24"]
[EventType "team-tourn"]
[EventRounds "9"]
[EventCountry "GER"]
[SourceTitle "EXT 2025"]
[Source "ChessBase"]
[SourceDate "2024.10.14"]
[SourceVersion "1"]
[SourceVersionDate "2024.10.14"]
[SourceQuality "1"]
[WhiteTeam "Dreilaendereck"]
[BlackTeam "Gottmadingen"]
[WhiteTeamCountry "GER"]
[BlackTeamCountry "GER"]

1. d4 Nf6 2. c4 g6 3. Nc3 Bg7 4. g3 0-0 5. Bg2 d6 6. Nf3 c6 7. h3 Bf5 8. g4 Be6 9. d5 cxd5 10. cxd5 Bc8 11. Be3 Qa5 12. Nd4 Na6 13. Nb3 Qd8 14. Qd2 Nc7 15. Nd4 e6 16. dxe6 fxe6 17. 0-0-0 d5 18. Bf4 Nfe8 19. Nb3 Qf6 20. Bg3 a5 21. e4 a4 22. e5 Qe7 23. Nd4 a3 24. b3 b5 25. Kb1 b4 26. Nce2 Ba6 27. Rc1 Bxe2 28. Nxe2 Nb5 29. Rc6 Nec7 30. Rhc1 Ra7 31. f4 Kh8 32. Bf2 Bxe5 33. Bxa7 Nc3+ 34. Nxc3 bxc3 35. R1xc3 Bxf4 36. Be3 Bxe3 37. Qxe3 Nb5 38. R3c5 Qf6 39. Qd2 Nd4 40. Rc8 Rxc8 41. Rxc8+ Kg7 42. Rc7+ Kg8 43. Qh6 Nxb3 44. Qxh7+ Kf8 45. Rc8+ 1-0

[Event "Verbandsliga Suedbaden 2324"]
[Site "Baden"]
[Date "2023.12.10"]
[Round "4.4"]
[White "Gross, Markus"]
[Black "Ammann, Philipp"]
[Result "1/2-1/2"]
[WhiteElo "2002"]
[BlackElo "2126"]
[PlyCount "51"]
[EventDate "2023.09.24"]
[EventType "team-tourn"]
[EventRounds "9"]
[EventCountry "GER"]
[SourceTitle "EXT 2025"]
[Source "ChessBase"]
[SourceDate "2024.10.14"]
[SourceVersion "1"]
[SourceVersionDate "2024.10.14"]
[SourceQuality "1"]
[WhiteTeam "Heitersheim"]
[BlackTeam "Dreilaendereck"]
[WhiteTeamCountry "GER"]
[BlackTeamCountry "GER"]

1. Nf3 f5 2. g3 Nf6 3. Bg2 d6 4. c4 g6 5. 0-0 Bg7 6. d3 0-0 7. Nc3 c6 8. Bd2 Na6 9. a3 Bd7 10. Rb1 Qe8 11. b4 h6 12. e3 e5 13. Qc2 Rc8 14. Ne2 Qe7 15. Bc3 Nh7 16. Qb2 Rfe8 17. Rfe1 g5 18. d4 e4 19. Nd2 Nc7 20. a4 a6 21. a5 Nf6 22. Rbc1 Qf7 23. Qa3 Bf8 24. Qb2 Bg7 25. Qa3 Bf8 26. Qb2 1/2-1/2

[Event "Verbandsliga Suedbaden 2324"]
[Site "Baden"]
[Date "2023.11.12"]
[Round "3.4"]
[White "Ammann, Philipp"]
[Black "Schulte, Juergen"]
[Result "0-1"]
[WhiteElo "2126"]
[BlackElo "2058"]
[PlyCount "61"]
[EventDate "2023.09.24"]
[EventType "team-tourn"]
[EventRounds "9"]
[EventCountry "GER"]
[SourceTitle "EXT 2025"]
[Source "ChessBase"]
[SourceDate "2024.10.14"]
[SourceVersion "1"]
[SourceVersionDate "2024.10.14"]
[SourceQuality "1"]
[WhiteTeam "Dreilaendereck"]
[BlackTeam "Oberwinden"]
[WhiteTeamCountry "GER"]
[BlackTeamCountry "GER"]

1. d4 d5 2. c4 e6 3. Nf3 Nf6 4. Bg5 Be7 5. Nc3 0-0 6. e3 Nbd7 7. cxd5 Nxd5 8. Bxe7 Qxe7 9. Rc1 c6 10. Nxd5 exd5 11. Bd3 Nf6 12. Qc2 Ne4 13. 0-0 Re8 14. a3 a5 15. Rb1 a4 16. Rbc1 Qd6 17. Rfd1 Bg4 18. Be2 Qf6 19. Rf1 Re6 20. Ne5 Bxe2 21. Qxe2 Qe7 22. Nd3 Rh6 23. f3 Nd6 24. Rce1 Re8 25. Ne5 Re6 26. Qc2 f6 27. Ng4 h5 28. Nf2 Rxe3 29. Rxe3 Qxe3 30. Qxa4 Nc4 31. Qd1 0-1

[Event "Oberliga Baden 1920"]
[Site "Baden"]
[Date "2021.08.08"]
[Round "9.5"]
[White "Plaul, Eckart"]
[Black "Ammann, Philipp"]
[Result "1/2-1/2"]
[WhiteElo "2110"]
[BlackElo "2158"]
[PlyCount "77"]
[EventDate "2019.09.29"]
[EventType "team-tourn"]
[EventRounds "9"]
[EventCountry "GER"]
[SourceTitle "CBM 195 Extra"]
[Source "ChessBase"]
[SourceDate "2020.05.31"]
[SourceVersion "1"]
[SourceVersionDate "2020.05.31"]
[SourceQuality "1"]
[WhiteTeam "Sasbach"]
[BlackTeam "Dreilaendereck"]
[WhiteTeamCountry "GER"]
[BlackTeamCountry "GER"]

1. d4 f5 2. c4 Nf6 3. g3 d6 4. Bg2 g6 5. Nf3 Bg7 6. 0-0 0-0 7. Nc3 Qe8 8. b3 c6 9. Ba3 Na6 10. Qd3 Rb8 11. Nd2 Nc7 12. e4 b5 13. cxb5 fxe4 14. Ndxe4 Nxe4 15. Bxe4 Nxb5 16. Nxb5 Rxb5 17. Rfe1 Qf7 18. Qd2 Bd7 19. Rad1 Rh5 20. Bg2 Bg4 21. Rb1 Bh6 22. Qc2 Bf5 23. Be4 Bg7 24. Rbd1 Bxe4 25. Rxe4 Rf5 26. Re2 Qd5 27. Qc4 Qxc4 28. bxc4 Rf3 29. Bc1 Rc3 30. Rxe7 Bxd4 31. Rxd4 Rxc1+ 32. Kg2 Rc2 33. Rxd6 Rfxf2+ 34. Kg1 Rg2+ 35. Kf1 Rgd2 36. Rxd2 Rxd2 37. Rxa7 Rxh2 38. Rc7 Rxa2 39. Rxc6 1/2-1/2

[Event "Verbandsliga Suedbaden 1920"]
[Site "Baden"]
[Date "2020.03.08"]
[Round "7.2"]
[White "Schwing, Hans Elmar"]
[Black "Ammann, Philipp"]
[Result "0-1"]
[WhiteElo "2294"]
[BlackElo "2158"]
[PlyCount "86"]
[EventDate "2019.09.29"]
[EventType "team-tourn"]
[EventRounds "9"]
[EventCountry "GER"]
[SourceTitle "EXT 2021"]
[Source "ChessBase"]
[SourceDate "2020.10.23"]
[SourceVersion "1"]
[SourceVersionDate "2020.10.23"]
[SourceQuality "1"]
[WhiteTeam "Dreisamtal"]
[BlackTeam "Dreilaendereck II"]
[WhiteTeamCountry "GER"]
[BlackTeamCountry "GER"]

1. d4 f5 2. Nf3 Nf6 3. c4 d6 4. Nc3 g6 5. g3 Bg7 6. Bg2 0-0 7. 0-0 Qe8 8. Qb3 c6 9. Rd1 h6 10. c5+ d5 11. Bf4 Nbd7 12. Qc2 Ne4 13. Rac1 g5 14. Bc7 Qh5 15. b4 g4 16. Ne1 e5 17. e3 Qf7 18. Nxe4 fxe4 19. Bd6 Re8 20. Qe2 exd4 21. exd4 Nf8 22. Nc2 Ne6 23. Rb1 a6 24. Qe3 Bd7 25. h4 gxh3 26. Bxh3 Ng5 27. Bxd7 Qxd7 28. Ne1 Qf5 29. a4 Re6 30. Rb2 Rg6 31. Rb3 h5 32. f4 Nf7 33. Be7 Qg4 34. Rd2 Nh6 35. Bg5 Nf5 36. Qc3 e3 37. Rd3 Qxg3+ 38. Ng2 Nh4 39. Qc2 Nf3+ 40. Kf1 Nh2+ 41. Kg1 Rxg5 42. fxg5 Rf8 43. Rxe3 Rf1# 0-1

[Event "Verbandsliga Suedbaden 1920"]
[Site "Baden"]
[Date "2020.02.02"]
[Round "5.2"]
[White "Wildi, Marcel"]
[Black "Ammann, Philipp"]
[Result "1/2-1/2"]
[WhiteElo "2235"]
[BlackElo "2158"]
[PlyCount "47"]
[EventDate "2019.09.29"]
[EventType "team-tourn"]
[EventRounds "9"]
[EventCountry "GER"]
[SourceTitle "EXT 2021"]
[Source "ChessBase"]
[SourceDate "2020.10.23"]
[SourceVersion "1"]
[SourceVersionDate "2020.10.23"]
[SourceQuality "1"]
[WhiteTeam "Konstanz"]
[BlackTeam "Dreilaendereck II"]
[WhiteTeamCountry "GER"]
[BlackTeamCountry "GER"]

1. d4 f5 2. Bf4 Nf6 3. e3 d6 4. Nc3 c6 5. Nf3 g6 6. Bc4 Bg7 7. h3 Na6 8. Bh2 Nc7 9. 0-0 b5 10. Bb3 Ncd5 11. Ne2 0-0 12. a4 b4 13. Nf4 Kh8 14. Ng5 Qa5 15. Nfe6 Re8 16. Nxg7 Kxg7 17. Re1 h6 18. Nf3 Nb6 19. Nd2 d5 20. Nf3 Nbd7 21. Ne5 Nxe5 22. Bxe5 Kf7 23. f3 e6 24. Qd2 1/2-1/2

[Event "Oberliga Baden 1718"]
[Site "Baden"]
[Date "2018.02.04"]
[Round "6.8"]
[White "Ammann, Philipp"]
[Black "Schwierskott, Marc"]
[Result "1/2-1/2"]
[WhiteElo "2188"]
[BlackElo "2119"]
[PlyCount "99"]
[EventDate "2017.10.08"]
[EventType "team-tourn"]
[EventRounds "9"]
[EventCountry "GER"]
[SourceTitle "EXT 2019"]
[Source "ChessBase"]
[SourceDate "2018.10.10"]
[SourceVersion "1"]
[SourceVersionDate "2018.10.10"]
[SourceQuality "1"]
[WhiteTeam "Dreilaendereck"]
[BlackTeam "Brombach"]
[WhiteTeamCountry "GER"]
[BlackTeamCountry "GER"]

1. d4 g6 2. Nf3 Bg7 3. g3 c5 4. c3 cxd4 5. cxd4 Nf6 6. Bg2 0-0 7. Nc3 d5 8. Ne5 Nc6 9. Nxc6 bxc6 10. 0-0 Ba6 11. Bf4 Nh5 12. Bg5 Qb6 13. Bxe7 Rfe8 14. Ba3 Qxd4 15. e3 Qe5 16. Re1 Rad8 17. Qa4 d4 18. Qxa6 dxc3 19. bxc3 Rd2 20. Qxc6 Red8 21. Rf1 Qxc3 22. Qxc3 Bxc3 23. Rac1 Be5 24. Be7 R8d7 25. Rc8+ Kg7 26. Bf8+ Kf6 27. a3 Ng7 28. Rc6+ Ne6 29. Bh3 Rd8 30. Bb4 Ra2 31. Ra6 Rd7 32. Rc1 Rb7 33. Rcc6 Rb6 34. Raxb6 axb6 35. Rxb6 Bc7 36. Rc6 Be5 37. Kg2 h5 38. Kf3 g5 39. Bxe6 fxe6 40. h3 g4+ 41. hxg4 hxg4+ 42. Ke4 Rxf2 43. Be7+ Kxe7 44. Kxe5 Rf5+ 45. Ke4 Rf3 46. a4 Rxg3 47. a5 Rf3 48. Rc7+ Kd6 49. Rg7 Rf5 50. Rxg4 1/2-1/2

[Event "Oberliga Baden 1617"]
[Site "Baden"]
[Date "2016.12.04"]
[Round "3.8"]
[White "Pfau, Michael"]
[Black "Ammann, Philipp"]
[Result "0-1"]
[WhiteElo "2067"]
[BlackElo "2179"]
[PlyCount "132"]
[EventDate "2016.10.16"]
[EventType "team-tourn"]
[EventRounds "9"]
[EventCountry "GER"]
[SourceTitle "EXT 2018"]
[Source "ChessBase"]
[SourceDate "2017.10.13"]
[SourceVersion "1"]
[SourceVersionDate "2017.10.13"]
[SourceQuality "1"]
[WhiteTeam "Brombach"]
[BlackTeam "Dreilaendereck"]
[WhiteTeamCountry "GER"]
[BlackTeamCountry "GER"]

1. e4 c5 2. Nf3 e6 3. Bd3 d5 4. Bb5+ Bd7 5. Bxd7+ Qxd7 6. e5 Nc6 7. 0-0 Nge7 8. Re1 Ng6 9. h4 h5 10. Qe2 Be7 11. g3 Bd8 12. c3 Bc7 13. d4 cxd4 14. cxd4 Bb6 15. Rd1 Nge7 16. Nc3 Nf5 17. Be3 g6 18. Kg2 a6 19. Rac1 0-0 20. Na4 Ba7 21. Nc5 Bxc5 22. Rxc5 Nxe3+ 23. Qxe3 Kg7 24. Rdc1 Rac8 25. a3 Qe7 26. b4 Na7 27. R1c2 Rxc5 28. Rxc5 Rc8 29. Qc1 Rxc5 30. bxc5 Nc6 31. Qd2 Qd8 32. Qf4 Qe7 33. g4 hxg4 34. Qxg4 Qd8 35. Ng5 Ne7 36. h5 Qh8 37. hxg6 Nxg6 38. Nf3 Qh6 39. Kg3 Qc1 40. a4 Kf8 41. Qg5 Qxg5+ 42. Nxg5 Ne7 43. Nf3 Kg7 44. Kg2 Nc6 45. Kf1 Kg6 46. Ke2 Kf5 47. Ke3 Na5 48. Nd2 Kg4 49. Kd3 Kf4 50. Nf1 Nc4 51. Kc3 Na5 52. Ng3 Kf3 53. Nh5 Kxf2 54. Nf6 Ke3 55. Ng4+ Kf4 56. Nh6 Nc6 57. Nxf7 Ke3 58. Nd6 Nxd4 59. Nxb7 Nc6 60. a5 d4+ 61. Kc2 Ke2 62. Nd6 d3+ 63. Kb2 d2 64. Ne4 d1Q 65. Nc3+ Ke1 66. Nxd1 Kxd1 0-1

[Event "Verbandsliga Suedbaden 1516"]
[Site "Baden"]
[Date "2016.01.24"]
[Round "5.7"]
[White "Jehnichen, Guenther"]
[Black "Ammann, Philipp"]
[Result "0-1"]
[WhiteElo "2033"]
[BlackElo "2160"]
[PlyCount "86"]
[EventDate "2015.09.27"]
[EventType "team-tourn"]
[EventRounds "9"]
[EventCountry "GER"]
[SourceTitle "EXT 2022"]
[Source "ChessBase"]
[SourceDate "2021.10.06"]
[SourceVersion "1"]
[SourceVersionDate "2021.10.06"]
[SourceQuality "1"]
[WhiteTeam "Gottmadingen"]
[BlackTeam "Dreilaendereck"]
[WhiteTeamCountry "GER"]
[BlackTeamCountry "GER"]

1. e4 c5 2. Nf3 e6 3. d4 cxd4 4. Nxd4 a6 5. g3 d5 6. e5 Qc7 7. Qe2 Nc6 8. Nxc6 bxc6 9. Bg2 a5 10. Nd2 Ba6 11. Qe3 Nh6 12. Bh3 Be7 13. Nf3 Rb8 14. a3 0-0 15. Bf1 Nf5 16. Qf4 Bxf1 17. Kxf1 f6 18. Kg2 Rbe8 19. exf6 Bd6 20. Qg4 Rxf6 21. Bg5 Rg6 22. h4 h6 23. Qh5 Qf7 24. g4 Rf8 25. gxf5 Qxf5 26. Rh3 e5 27. Rf1 hxg5 28. hxg5 e4 29. Qh7+ Kf7 30. Ng1 Qxg5+ 31. Rg3 Bxg3 32. fxg3+ Rf6 33. Nh3 Qd2+ 34. Rf2 Rxf2+ 35. Nxf2 Qg5 36. Nh3 Qd2+ 37. Nf2 Qg5 38. Nh3 Qg6 39. Qh4 Kg8 40. Nf4 Qf6 41. Qh5 Qf5 42. Qe2 g5 43. Nh3 Qf3+ 0-1

[Event "Verbandsliga Sued Baden 1314"]
[Site "Germany"]
[Date "2014.04.13"]
[Round "9.2"]
[White "Ammann, Philipp"]
[Black "Herbrechtsmeier, Christof"]
[Result "0-1"]
[WhiteElo "2184"]
[BlackElo "2283"]
[PlyCount "66"]
[EventDate "2013.10.20"]
[EventType "team-tourn"]
[EventRounds "9"]
[EventCountry "GER"]
[SourceTitle "EXT 2015"]
[Source "ChessBase"]
[SourceDate "2014.11.20"]
[SourceVersion "1"]
[SourceVersionDate "2014.11.20"]
[SourceQuality "1"]
[WhiteTeam "Horben"]
[BlackTeam "Emmendingen"]
[WhiteTeamCountry "GER"]
[BlackTeamCountry "GER"]

1. d4 Nf6 2. c4 g6 3. Nc3 d5 4. Nf3 Bg7 5. Bf4 c6 6. e3 0-0 7. Rc1 Qa5 8. Qd2 Bg4 9. Ne5 Be6 10. Be2 Nbd7 11. c5 Nxe5 12. Bxe5 Nd7 13. Bxg7 Kxg7 14. 0-0 b6 15. cxb6 axb6 16. a3 b5 17. Nb1 Qxd2 18. Nxd2 Rfc8 19. Nb3 Nb6 20. Nc5 Kf6 21. g4 Nc4 22. Rc2 Rcb8 23. Rfc1 Bc8 24. h4 h6 25. Kh2 e5 26. Kg3 exd4 27. exd4 Ra7 28. Nd3 Bd7 29. f4 Kg7 30. Ne5 f6 31. Nxd7 Rxd7 32. b3 Na5 33. Rc3 b4 0-1

[Event "Verbandsliga Sued Baden 1112"]
[Site "Germany"]
[Date "2012.03.04"]
[Round "7.4"]
[White "Kramer, Colin"]
[Black "Ammann, Philipp"]
[Result "1-0"]
[WhiteElo "1933"]
[BlackElo "2207"]
[PlyCount "59"]
[EventDate "2011.10.09"]
[EventType "team-tourn"]
[EventRounds "9"]
[EventCountry "GER"]
[SourceTitle "EXT 2013"]
[Source "ChessBase"]
[SourceDate "2012.11.22"]
[SourceVersion "1"]
[SourceVersionDate "2012.11.22"]
[SourceQuality "1"]
[WhiteTeam "Iffezheim"]
[BlackTeam "Horben"]
[WhiteTeamCountry "GER"]
[BlackTeamCountry "GER"]

1. c4 f5 2. Nf3 Nf6 3. d4 g6 4. Nc3 Bg7 5. e3 0-0 6. b4 d6 7. a4 c6 8. Be2 Qe8 9. Ba3 h6 10. Qb3 Qf7 11. 0-0 Nbd7 12. a5 b5 13. d5 Ne4 14. Bb2 bxc4 15. Bxc4 c5 16. Nxe4 fxe4 17. Nd2 cxb4 18. Bxg7 Nc5 19. Qxb4 Qxg7 20. Nb3 Nxb3 21. Bxb3 Ba6 22. Bc4 Rab8 23. Qa4 Bxc4 24. Qxc4 Rb2 25. Ra2 Rxa2 26. Qxa2 Rc8 27. Qb1 Rc5 28. Qb8+ Kf7 29. Qxa7 Qb2 30. f3 1-0

[Event "Verbandsliga Sued Baden 1112"]
[Site "Germany"]
[Date "2012.02.12"]
[Round "6.3"]
[White "Rauch, Uwe"]
[Black "Ammann, Philipp"]
[Result "1-0"]
[WhiteElo "2173"]
[BlackElo "2207"]
[PlyCount "53"]
[EventDate "2011.10.09"]
[EventType "team-tourn"]
[EventRounds "9"]
[EventCountry "GER"]
[SourceTitle "EXT 2013"]
[Source "ChessBase"]
[SourceDate "2012.11.22"]
[SourceVersion "1"]
[SourceVersionDate "2012.11.22"]
[SourceQuality "1"]
[WhiteTeam "Offenburg"]
[BlackTeam "Horben"]
[WhiteTeamCountry "GER"]
[BlackTeamCountry "GER"]

1. e4 g6 2. d4 Bg7 3. Bc4 d6 4. Nf3 c6 5. Nc3 Nf6 6. Bb3 0-0 7. Bg5 Qc7 8. Qd2 Nbd7 9. Bh6 b5 10. a3 a6 11. h4 Ng4 12. Bxg7 Kxg7 13. h5 Ndf6 14. hxg6 fxg6 15. Ng5 d5 16. e5 Nh5 17. f3 Nxe5 18. 0-0-0 Nf7 19. Nxf7 Rxf7 20. Nxd5 cxd5 21. Bxd5 Bb7 22. Bxf7 Kxf7 23. Rde1 Nf6 24. Re5 Rd8 25. Qf4 Rd5 26. Rxh7+ Kg8 27. Rhxe7 1-0

[Event "Verbandsliga Sued Baden 1011"]
[Site "Baden"]
[Date "2010.10.17"]
[Round "1.4"]
[White "Kramer, Colin"]
[Black "Ammann, Philipp"]
[Result "1/2-1/2"]
[WhiteElo "1956"]
[BlackElo "2193"]
[PlyCount "87"]
[EventDate "2010.10.17"]
[EventType "team-tourn"]
[EventRounds "9"]
[EventCountry "GER"]
[SourceTitle "EXT 2012"]
[Source "ChessBase"]
[SourceDate "2011.11.24"]
[SourceVersion "1"]
[SourceVersionDate "2011.11.24"]
[SourceQuality "1"]
[WhiteTeam "Iffezheim"]
[BlackTeam "Horben"]
[WhiteTeamCountry "GER"]
[BlackTeamCountry "GER"]

1. c4 f5 2. Nf3 Nf6 3. Nc3 g6 4. d4 Bg7 5. e3 0-0 6. b4 d6 7. Qb3 c5 8. bxc5 dxc5 9. Be2 Nc6 10. d5 Ne4 11. Bb2 Qa5 12. Rc1 Ne5 13. Nxe5 Bxe5 14. f3 Nxc3 15. Bxc3 Bxc3+ 16. Qxc3 Qxc3+ 17. Rxc3 Rf6 18. e4 Ra6 19. a3 fxe4 20. fxe4 Bd7 21. Kd2 Rb6 22. Rf1 Rf8 23. Rxf8+ Kxf8 24. Ke3 e5 25. dxe6 Bxe6 26. Kf4 Ke7 27. e5 Rb2 28. Bf3 b6 29. Kg5 Rd2 30. Kh6 Rd4 31. Kxh7 Rxc4 32. Rxc4 Bxc4 33. Kxg6 Bd3+ 34. Kg7 c4 35. g4 c3 36. Bd1 Be2 37. Bc2 Bxg4 38. Kg6 Ke6 39. Kg5 Bh3 40. Kf4 Kd5 41. Kg3 Be6 42. Kf4 Bh3 43. Kg3 Be6 44. Kf4 1/2-1/2

[Event "Verbandsliga Sued Baden 0910"]
[Site "Germany"]
[Date "2010.03.07"]
[Round "7.2"]
[White "Ketterer, Christian"]
[Black "Ammann, Philipp"]
[Result "1/2-1/2"]
[WhiteElo "2270"]
[BlackElo "2205"]
[PlyCount "55"]
[EventDate "2009.10.11"]
[EventType "team-tourn"]
[EventRounds "9"]
[EventCountry "GER"]
[SourceTitle "EXT 2011"]
[Source "ChessBase"]
[SourceDate "2010.11.26"]
[SourceVersion "1"]
[SourceVersionDate "2010.11.26"]
[SourceQuality "1"]
[WhiteTeam "Donaueschingen"]
[BlackTeam "Horben"]
[WhiteTeamCountry "GER"]
[BlackTeamCountry "GER"]

1. e4 c5 2. Nf3 e6 3. d4 cxd4 4. Nxd4 Nc6 5. Nc3 Qc7 6. Be2 a6 7. a3 Nf6 8. Be3 Be7 9. 0-0 0-0 10. Kh1 d6 11. f4 Bd7 12. Qe1 Rac8 13. Qg3 Ne8 14. e5 g6 15. Bd3 dxe5 16. Nxc6 Bxc6 17. fxe5 f5 18. exf6 Qxg3 19. hxg3 Bxf6 20. Rab1 Bxc3 21. Rxf8+ Kxf8 22. bxc3 Nd6 23. c4 Nf5 24. Rf1 Ke8 25. Bf4 h5 26. Kh2 Bd7 27. Re1 Kf7 28. Rb1 1/2-1/2

[Event "Oberliga Baden 0809"]
[Site "Germany"]
[Date "2009.02.01"]
[Round "6.2"]
[White "Ammann, Philipp"]
[Black "Rau, Hannes"]
[Result "1/2-1/2"]
[WhiteElo "2221"]
[BlackElo "2429"]
[PlyCount "58"]
[EventDate "2008.10.05"]
[EventType "team-tourn"]
[EventRounds "9"]
[EventCountry "GER"]
[SourceTitle "EXT 2010"]
[Source "ChessBase"]
[SourceDate "2010.11.25"]
[SourceVersion "1"]
[SourceVersionDate "2010.11.25"]
[SourceQuality "1"]
[WhiteTeam "Horben"]
[BlackTeam "Hockenheim"]
[WhiteTeamCountry "GER"]
[BlackTeamCountry "GER"]

1. d4 Nf6 2. c4 e6 3. Nf3 c5 4. d5 b5 5. dxe6 fxe6 6. cxb5 d5 7. Nc3 Nbd7 8. e4 d4 9. Nb1 Nxe4 10. Bd3 Ndf6 11. 0-0 Bb7 12. Re1 Qd5 13. Qe2 0-0-0 14. Nbd2 Nxd2 15. Bxd2 Bd6 16. Qxe6+ Qxe6 17. Rxe6 Bd5 18. Re2 Rhe8 19. Rc1 Kb7 20. b3 Kb6 21. Rce1 h6 22. Ne5 Bxe5 23. Rxe5 Rxe5 24. Rxe5 Re8 25. Rxe8 Nxe8 26. Bf4 Nc7 27. Bxc7+ Kxc7 28. Bc4 Be4 29. f3 Bf5 1/2-1/2

[Event "Oberliga Baden 0708"]
[Site "Germany"]
[Date "2008.01.20"]
[Round "5.4"]
[White "Ammann, Philipp"]
[Black "Rau, Hannes"]
[Result "0-1"]
[WhiteElo "2227"]
[BlackElo "2412"]
[PlyCount "120"]
[EventDate "2007.10.21"]
[EventType "team-tourn"]
[EventRounds "9"]
[EventCountry "GER"]
[SourceTitle "EXT 2009"]
[Source "ChessBase"]
[SourceDate "2008.11.26"]
[SourceVersion "1"]
[SourceVersionDate "2008.11.26"]
[SourceQuality "1"]
[WhiteTeam "Horben"]
[BlackTeam "Hockenheim"]
[WhiteTeamCountry "GER"]
[BlackTeamCountry "GER"]

1. d4 Nf6 2. c4 e6 3. Nf3 c5 4. d5 b5 5. a4 bxc4 6. Nc3 d6 7. e3 Ba6 8. Be2 exd5 9. Nxd5 Nbd7 10. b3 Nb6 11. Nf4 Be7 12. a5 Nbd7 13. bxc4 0-0 14. 0-0 Ne5 15. Qc2 Nc6 16. Bb2 Nb4 17. Qa4 Bb7 18. Rac1 Ne4 19. Qa1 g6 20. Rfd1 Re8 21. Nd2 Bf8 22. Nxe4 Bxe4 23. Bf6 Qc7 24. Bf3 Qc6 25. Bxe4 Qxe4 26. Nd5 Nxd5 27. Rxd5 Rab8 28. Qc3 Rb4 29. Bg5 Bg7 30. Qd3 Qxd3 31. Rxd3 Bf8 32. Bf4 Ra4 33. g3 Re6 34. Rcd1 Rxc4 35. Bxd6 Ra4 36. Bxf8 Kxf8 37. Rd8+ Kg7 38. R8d7 Rxa5 39. Rc7 Rf6 40. Rd2 h5 41. h4 a6 42. Rc2 Rf5 43. Rc6 Rd5 44. Kf1 Kf8 45. Rb2 Rb5 46. Ra2 a5 47. Ra4 Rb2 48. e4 Rd3 49. Rf6 Kg7 50. e5 Rd1+ 51. Kg2 Re1 52. Rxa5 Rxe5 53. Rf4 Rb7 54. Rc4 Rc7 55. Ra6 Kf8 56. Kf3 Ke7 57. Ra2 Kd6 58. Rd2+ Rd5 59. Ra2 Rf5+ 60. Ke3 Kd5 0-1